LIBRARY & INFORMATION CENTRE, KCAET, TAVANUR

ONLINE PUBLIC ACCESS CATALOGUE (OPAC)

Lettering a source book of Roman alphabets / (Record no. 4761)

MARC details
000 -LEADER
fixed length control field 00413cam a2200157ua 4500
041 ## - LANGUAGE CODE
Language code of text/sound track or separate title eng
082 ## - DEWEY DECIMAL CLASSIFICATION NUMBER
Classification number 745.61
Item number TAR/LE
100 ## - MAIN ENTRY--AUTHOR NAME
Personal name Tarr, John C .
245 ## - TITLE STATEMENT
Title Lettering a source book of Roman alphabets /
260 ## - PUBLICATION, DISTRIBUTION, ETC. (IMPRINT)
Place of publication London :
Name of publisher Crosby Lovekwood and son ltd ,
Year of publication 1951.
300 ## - PHYSICAL DESCRIPTION
Number of Pages 63 ; .
500 ## - GENERAL NOTE
General note **Reference
942 ## - ADDED ENTRY ELEMENTS (KOHA)
Koha item type Books
Holdings
Withdrawn status Lost status Damaged status Home library Current library Date acquired Full call number Accession Number Koha item type
Withdrawn     KAUAET Malayalam University 07/04/2012 745.61 3951 Reference
free website counter